Quizzes
Events
Quiz Creation
Community
Videos
Private Events
Remove Ads
Sign In
Join for FREE
Feedback
Dark Mode
Quiz Categories
Sports
Geography
Music
Movies
Television
Just For Fun
Miscellaneous
History
Literature
Language
Science
Gaming
Entertainment
Religion
Holiday
For Kids
Quiz Lab
Recent
Popular Today
Quiz Kudos Today
Editor Picks
Curator Picks
Quizzes by...
Day
Popularity
Type
Ratings
Length
Year
Community
Subscriptions
Recent Discussions
Orange Saloon
Badges
Playlists
Quests
Create
Leaderboards
Showdown
Live 5
Trivia Bingo
Activity
Puzzle Library
Sporcle Events
Private Events
Virtual Trivia
Globe League
Become a Host
Pub Owners
SporcleCon
Opinionation
Our Games
Videos
Blog
Mobile Apps
Partnerships
Remove Ads and Go Orange
Feedback
Sports
Athletes
MLB
NBA
NHL
NFL
Soccer
Sports Teams
WWE
NCAA
Football
Premier League
Basketball
Baseball
Hockey
Golf
Tennis
Cricket
Rugby
Auto Racing
Olympics
World Cup
Sports
Athletes
MLB
NBA
NHL
NFL
Soccer
Sports Teams
WWE
NCAA
Football
Premier League
Basketball
Baseball
Hockey
Golf
Tennis
Cricket
Rugby
Auto Racing
Olympics
World Cup
Random Quiz
Search Sporcle
×
Quiz Lab
Quiz Lab
Sports
Recorded
Type in answers that appear in a list
Type in answers that appear in a list
Classic
Best Score? Go Orange.
Yankees Saves (1997-2011) Stats
Can you name the Yankees who've recorded a save from 1997-2011?
By
graeme45
5m
32 Questions
109 Plays
109 Plays
109 Plays
Comments
Comments
Give Quiz Kudos
Give Quiz Kudos
-
- Ratings
hide this ad
Replay
Link that replays current quiz
Next Quiz
Link to next quiz in quiz playlist
You Got
0%
They Got
Avg Score
33%
Avg Friend Score
Upgrade to see
Score Distribution
Jump to the score distribution portion of the page
Score
0/32
Timer
05:00
0
Plays Today
Pitcher
% Correct
Mariano Rivera
97.2%
David Robertson
83.5%
Rafael Soriano
77.1%
Joba Chamberlain
69.7%
Mike Stanton
68.8%
Ramiro Mendoza
65.1%
Jeff Nelson
64.2%
Tom Gordon
62.4%
Phil Hughes
59.6%
Orlando Hernandez
41.7%
Kyle Farnsworth
36.7%
Graeme Lloyd
36.7%
Alfredo Aceves
34.9%
Paul Quantrill
33%
Scott Proctor
33%
Phil Coke
29.4%
Pitcher
% Correct
Tanyon Sturtze
28.4%
Edwar Ramirez
25.7%
Steve Karsay
23.9%
Brian Bruney
21.1%
Chien-Ming Wang
19.3%
Chris Hammond
17.4%
Jason Grimsley
14.7%
Jeff Weaver
9.2%
Brian Boehringer
9.2%
Jose Veras
8.3%
Dwight Gooden
8.3%
Darren Holmes
7.3%
Sergio Mitre
7.3%
Juan Acevedo
6.4%
Todd Erdos
3.7%
Dan Miceli
2.8%
Quiz Playlist
Details
Report
Send in Message
Add To Playlist
Classic:
Type in answers that appear in a list
Last Updated: Apr 17, 2019
Quiz Scoreboard
CHALLENGE
Sign Up to Join the Scoreboard
Show All
Scores
Hide
Comments
May contain spoilers
Recently Published
Decade Duel: World Leaders
by jenniferyan
History
4m
Alphabetical 'K' Countries by Flag Minefield
by ylime102
Geography
3m
Pick 6: Fruits
by JohnFran
Miscellaneous
15s
More to Explore
Quiz From the Vault
Featured Blog Post
15 Basketball Trivia Facts You Can Be March Mad About
hide this ad
You Might Also Like...
Tags
Recorded
Save
Today's Top Quizzes in Sports
Browse Sports
hide this ad
Today's Top Quizzes in Recorded
Browse Recorded
Top Contributed Quizzes in Sports
1
Les joueurs à 100 buts en Ligue 1 Uber Eats
2
Pick 6: NFL Teams
3
2022 World Cup Stars
4
MLB 2 truths and a lie: Hall of Fame pitchers
5
Pick 6: Minor League Baseball
6
Millionaire: NBA Finals Edition
7
Click the 1998 NBA Draft
8
Criteria MLB: Left Handed Sluggers
9
Pick 6: Olympics
10
Pick 6: NFL WRs
Explore More
Trending Topics
Anime
Crossword
Marvel
NBA
Disney
Kpop
Harry Potter
Song
Puzzle
The Office
NFL
Soccer
Pokémon
Country
WWE
hide this ad
More By:
graeme45
Quiz
Plays
Rating
Category
Featured
Created
Yankees World Series HRs (1996-2009)
343
4.00
Sports
Apr 29, 2012
BC-born Vancouver Canucks
137
5.00
Sports
Apr 28, 2012
Yankees Saves (1997-2011)
109
5.00
Sports
May 6, 2012
Montreal Expos Home Runs in the 1990s
78
5.00
Sports
Apr 8, 2019
New York Yankees Home Runs in the 1990s
75
Sports
Apr 9, 2019
Go to Creator's Profile
Score Distribution
Quiz Creator Spotlight
graeme45
Follow
Send a Message
Quizzes Created
-
Created Quiz Play Count
-
More By This Creator
Popular Quizzes Today
1
Countries of Asia Without Outlines Minefield
2
Find the US States - No Outlines Minefield
3
Pick 6: Fruits
4
Alphabetical 'K' Countries by Flag Minefield
5
The Countries of the World
6
Find the Countries of Europe - No Outlines Minefield
7
Find the US States
8
US States
More Sports Quizzes
2021 NBA Draft
Quiz Lab
Trending Quizzes
Pick 6: Mountains
Pick 6: Harry Potter
Pick 6: Flags
Pick 6: NFL Teams
Pick 6: Movie Franchises
Recently Updated
Adaptations: Name the Title
pecheneg
NWSL Teams
pecheneg
Women's Final Four Teams by Year
bhenderson79
Presidents Quartet II
eogle
Anything But Clue(do)
eogle
Anything But Oceanian Capitals
eogle
Anything But 7
eogle
Anything But Thing
eogle
Word Ladder: February 29
pecheneg
Song Title Questions
pecheneg
Trending Topics
NBA
Kpop
Marvel
Anime
Harry Potter
Crossword
Disney
Soccer
The Office
WWE
Country
Puzzle
Pokémon
NFL
Song
Your Account Isn't Verified!
In order to create a playlist on Sporcle, you need to verify the email address you used during registration. Go to your
Sporcle Settings
to finish the process.
Report this User
Report this user for behavior that violates our
Community Guidelines
.
Details:
Send Report
Go to the Sporcle.com Mobile Site →
Comments